[Event "Sportsko leto 2017"]
[Site "Paracin"]
[Date "2017.07.13"]
[Round "8.1"]
[White "Ali Marandi, Cemil Can"]
[Black "Fernandez, Daniel Howard"]
[Result "1/2-1/2"]
[WhiteElo "2515"]
[BlackElo "2485"]
[PlyCount "53"]
[EventDate "2017.??.??"]

1. d4 d5 2. Bf4 Nf6 3. e3 c6 4. Nd2 Bg4 5. Ngf3 e6 6. h3 Bxf3 7. Qxf3 Bd6 8.
O-O-O Qe7 9. g4 Nfd7 10. Bxd6 Qxd6 11. e4 Qe7 12. Re1 Nb6 13. Qg3 N8d7 14. Bg2
O-O-O 15. exd5 cxd5 16. h4 Nb8 17. g5 Nc6 18. c3 Qc7 19. Qxc7+ Kxc7 20. h5 Ne7
21. Bh3 Nbc8 22. Bg4 h6 23. f4 g6 24. Nf3 Nd6 25. Ne5 hxg5 26. fxg5 gxh5 27.
Rxh5 1/2-1/2

[Event "Sportsko leto 2017"]
[Site "Paracin"]
[Date "2017.07.13"]
[Round "8.2"]
[White "Nestorovic, Dejan"]
[Black "Atalik, Suat"]
[Result "0-1"]
[WhiteElo "2358"]
[BlackElo "2525"]
[PlyCount "46"]
[EventDate "2017.??.??"]

1. d4 d5 2. c4 c6 3. e3 Nf6 4. Nc3 e6 5. Nf3 Nbd7 6. Qc2 Bd6 7. b3 O-O 8. Bd3
b6 9. O-O Bb7 10. Bb2 c5 11. cxd5 exd5 12. Rfd1 Rc8 13. dxc5 bxc5 14. Bf5 g6
15. Bh3 d4 16. exd4 Bxf3 17. gxf3 cxd4 18. Rxd4 Be5 19. Rd3 Nh5 20. Bxd7 Qg5+
21. Bg4 Qf4 22. Bxh5 Qxh2+ 23. Kf1 Bxc3 0-1

[Event "Sportsko leto 2017"]
[Site "Paracin"]
[Date "2017.07.13"]
[Round "8.3"]
[White "Lajthajm, Borko"]
[Black "Savic, Miodrag R"]
[Result "0-1"]
[WhiteElo "2434"]
[BlackElo "2492"]
[PlyCount "76"]
[EventDate "2017.??.??"]

1. d4 Nf6 2. c4 e6 3. Nc3 Bb4 4. e3 O-O 5. Nge2 Re8 6. a3 Bf8 7. Nf4 d6 8. Be2
c6 9. O-O e5 10. Nd3 Bf5 11. b4 Nbd7 12. h3 a5 13. b5 Nb6 14. bxc6 bxc6 15. c5
Nbd5 16. Nxd5 Nxd5 17. dxe5 Nc3 18. Qd2 Nxe2+ 19. Qxe2 dxe5 20. e4 Qd4 21. Bb2
Qxe4 22. Qxe4 Bxe4 23. Nxe5 Rab8 24. Bc3 Rb3 25. Bd4 Rd8 26. Be3 Bd5 27. Rfd1
Be7 28. a4 f6 29. Ng4 f5 30. Nh2 Kf7 31. Nf1 Bf6 32. Bd4 Bf3 33. gxf3 Rxd4 34.
Ne3 g6 35. Rab1 Rbb4 36. Kf1 Ke6 37. Ke2 Rxa4 38. Rb6 Ra2+ 0-1

[Event "Sportsko leto 2017"]
[Site "Paracin"]
[Date "2017.07.13"]
[Round "8.4"]
[White "Blagojevic, Dragisa"]
[Black "Zanan, Evgeny"]
[Result "1/2-1/2"]
[WhiteElo "2483"]
[BlackElo "2428"]
[PlyCount "40"]
[EventDate "2017.??.??"]

1. d4 Nf6 2. c4 e6 3. Nf3 d5 4. Nc3 Bb4 5. cxd5 exd5 6. Qa4+ Nc6 7. Bg5 h6 8.
Bxf6 Qxf6 9. e3 O-O 10. Be2 Be6 11. O-O a6 12. Rfc1 Bd6 13. Qd1 Ne7 14. Na4 b6
15. Qf1 Bg4 16. Rc2 Bf5 17. Bd3 Bg4 18. Be2 Bf5 19. Bd3 Bg4 20. Be2 Bf5 1/2-1/2

[Event "Sportsko leto 2017"]
[Site "Paracin"]
[Date "2017.07.13"]
[Round "8.5"]
[White "Harvey, Marcus R"]
[Black "Damljanovic, Branko"]
[Result "1/2-1/2"]
[WhiteElo "2292"]
[BlackElo "2544"]
[PlyCount "172"]
[EventDate "2017.??.??"]

1. Nf3 Nf6 2. b3 g6 3. Bb2 Bg7 4. e3 O-O 5. Be2 d6 6. d4 Nbd7 7. O-O Re8 8. c4
h5 9. Nc3 e5 10. dxe5 dxe5 11. Qc2 e4 12. Ng5 c6 13. b4 Nf8 14. Rad1 Qe7 15. c5
N8h7 16. Nxh7 Nxh7 17. Na4 Bg4 18. Rd6 Bxb2 19. Nxb2 Bxe2 20. Qxe2 Nf6 21. Nc4
Red8 22. Rfd1 Nd5 23. Qb2 Rxd6 24. Nxd6 b6 25. h3 Rb8 26. Qa3 bxc5 27. bxc5 f5
28. Qa6 Qc7 29. Qf1 h4 30. Rb1 Kh7 31. Qe1 Qd8 32. a4 Qc7 33. Kh2 Qd8 34. Kg1
Qc7 35. Rxb8 Qxb8 36. Qa1 Qb4 37. Qe5 Qe1+ 38. Kh2 Qxf2 39. Nf7 Qg3+ 40. Qxg3
hxg3+ 41. Kxg3 Kg7 42. Ne5 Ne7 43. h4 Kf6 44. Nc4 g5 45. hxg5+ Kxg5 46. Na3 Nd5
47. Nc2 Kf6 48. Nd4 Nb4 49. Kf4 Nd3+ 50. Kg3 Nxc5 51. Nxc6 a6 52. a5 Ke6 53.
Nd4+ Ke5 54. Nc6+ Kf6 55. Kf2 Kg5 56. g3 Kg4 57. Kg2 Ne6 58. Nd4 Nc7 59. Nc6
Nd5 60. Kf2 Kg5 61. Ne5 Nb4 62. Nd7 Kg6 63. Nc5 Kg5 64. Nd7 Nd3+ 65. Kg2 Kg6
66. Nb8 Nb4 67. Nd7 Kf7 68. Nc5 Ke7 69. g4 Kd6 70. Nb7+ Ke5 71. gxf5 Kxf5 72.
Kg3 Nd3 73. Nd6+ Ke5 74. Nb5 Nb4 75. Nc3 Nc2 76. Kf2 Na3 77. Na4 Kd5 78. Nc3+
Ke5 79. Na4 Nc2 80. Ke2 Nb4 81. Kd2 Nc6 82. Nc5 Nxa5 83. Nxa6 Nc4+ 84. Ke2 Kd6
85. Nb4 Kc5 86. Na2 Kd5 1/2-1/2

[Event "Sportsko leto 2017"]
[Site "Paracin"]
[Date "2017.07.13"]
[Round "8.6"]
[White "Sanal, Vahap"]
[Black "Nestorovic, Lazar"]
[Result "1-0"]
[WhiteElo "2533"]
[BlackElo "2371"]
[PlyCount "89"]
[EventDate "2017.??.??"]

1. e4 c5 2. Nf3 e6 3. Nc3 d6 4. d4 cxd4 5. Nxd4 Nf6 6. g3 a6 7. Bg2 Be7 8. O-O
O-O 9. Nce2 Qc7 10. b3 Nbd7 11. c4 Ne5 12. Bb2 Bd7 13. f4 Ng6 14. f5 exf5 15.
Nxf5 Ne8 16. Nxe7+ Nxe7 17. Nf4 Ng6 18. Nd5 Qd8 19. Qd4 Rc8 20. Rad1 Be6 21.
Ne3 Qc7 22. Nf5 Bxf5 23. exf5 Ne5 24. f6 gxf6 25. Qh4 b5 26. Rf5 bxc4 27. Be4
Ng6 28. Qh6 Ng7 29. Bxf6 Ne8 30. Bd4 f6 31. bxc4 Qg7 32. Qh3 Rc7 33. Rdf1 Re7
34. Bb1 Qf7 35. Bc2 Qe6 36. Qh6 Qf7 37. Bb3 Qg7 38. c5+ Kh8 39. Qxg7+ Kxg7 40.
cxd6 Rd7 41. Bc5 Ne5 42. Ba4 Rdf7 43. Rxe5 fxe5 44. Rxf7+ Kxf7 45. d7 1-0

[Event "Sportsko leto 2017"]
[Site "Paracin"]
[Date "2017.07.13"]
[Round "8.7"]
[White "Kosic, Dragan"]
[Black "Sarenac, David"]
[Result "1-0"]
[WhiteElo "2487"]
[BlackElo "2329"]
[PlyCount "69"]
[EventDate "2017.??.??"]

1. d4 Nf6 2. Nf3 e6 3. c4 d5 4. Nc3 c6 5. e3 Nbd7 6. Qc2 Bd6 7. Bd3 dxc4 8.
Bxc4 b5 9. Bd3 Bb7 10. O-O O-O 11. e4 e5 12. dxe5 Nxe5 13. Nxe5 Bxe5 14. h3 Re8
15. Be3 Bd4 16. Bxd4 Qxd4 17. Rad1 Qb6 18. Rfe1 h6 19. e5 Nd5 20. Nxd5 cxd5 21.
Qb3 b4 22. Bb1 Rac8 23. Qd3 g6 24. Qg3 Kf8 25. Kh2 Rc4 26. f4 Rd4 27. Rxd4 Qxd4
28. Qh4 Re6 29. Qxh6+ Kg8 30. Qh4 Kg7 31. Qg3 Kf8 32. f5 gxf5 33. Bxf5 Rc6 34.
e6 Ke7 35. Qb8 1-0

[Event "Sportsko leto 2017"]
[Site "Paracin"]
[Date "2017.07.13"]
[Round "8.8"]
[White "Mcphillips, Joseph"]
[Black "Cabarkapa, Novak"]
[Result "0-1"]
[WhiteElo "2400"]
[BlackElo "2426"]
[PlyCount "90"]
[EventDate "2017.??.??"]

1. e4 e6 2. d4 d5 3. Nc3 Nf6 4. e5 Nfd7 5. f4 c5 6. Nf3 Nc6 7. Be3 Be7 8. Qd2
O-O 9. dxc5 Qa5 10. O-O-O b6 11. Bb5 Nb4 12. Kb1 bxc5 13. a3 Nb6 14. Qe2 a6 15.
axb4 cxb4 16. Bxb6 Qxb6 17. Nxd5 exd5 18. Ba4 b3 19. cxb3 Bc5 20. Qd3 d4 21.
Ng5 Qg6 22. Bc6 Rb8 23. Be4 Qb6 24. Bxh7+ Kh8 25. Be4 f6 26. exf6 gxf6 27. Nf3
Be6 28. Nd2 f5 29. Bf3 Bxb3 30. Nxb3 Qxb3 31. Qxb3 Rxb3 32. Bd5 Re3 33. Rc1 Bd6
34. g3 Rb8 35. Rc6 Bb4 36. Be6 Kg7 37. Ka2 Re2 38. Kb3 Be7+ 39. Kc4 Rc2+ 40.
Kxd4 Rxc6 41. Bxf5 Rb5 42. Bb1 Rxb2 43. Ke4 Bb4 44. h4 Re6+ 45. Kf5 Re1 0-1

[Event "Sportsko leto 2017"]
[Site "Paracin"]
[Date "2017.07.13"]
[Round "8.9"]
[White "Petrov, Martin"]
[Black "Radovanovic, Mihajlo"]
[Result "0-1"]
[WhiteElo "2417"]
[BlackElo "2337"]
[PlyCount "56"]
[EventDate "2017.??.??"]

1. e4 c5 2. Nf3 d6 3. d4 cxd4 4. Nxd4 Nf6 5. Nc3 a6 6. Be3 e6 7. Be2 Nbd7 8. g4
h6 9. f4 b5 10. g5 hxg5 11. fxg5 Rh3 12. Bf2 Ng8 13. g6 Ne5 14. gxf7+ Nxf7 15.
Bg4 Rh6 16. a3 Bd7 17. h4 Be7 18. Nf3 Rc8 19. Qd3 Bf6 20. O-O-O Bxc3 21. bxc3
Nf6 22. Bh3 Qa5 23. Kb2 Rxc3 24. Qxc3 Qxc3+ 25. Kxc3 Nxe4+ 26. Kb4 Nxf2 27. Ka5
Bc6 28. Bg2 Rg6 0-1

[Event "Sportsko leto 2017"]
[Site "Paracin"]
[Date "2017.07.13"]
[Round "8.10"]
[White "Kadric, Denis"]
[Black "Chekletsov, Ilya"]
[Result "1-0"]
[WhiteElo "2515"]
[BlackElo "2350"]
[PlyCount "117"]
[EventDate "2017.??.??"]

1. e4 c5 2. Nc3 Nc6 3. Nge2 g6 4. d4 cxd4 5. Nxd4 Bg7 6. Be3 d6 7. Qd2 Nf6 8.
f3 O-O 9. Bc4 Bd7 10. O-O-O Rc8 11. Bb3 Nxd4 12. Bxd4 b5 13. Nd5 Nxd5 14. Bxg7
Kxg7 15. exd5 a5 16. a3 Kg8 17. Rhe1 Re8 18. Re3 Qb6 19. Rde1 b4 20. axb4 axb4
21. Rxe7 Rxe7 22. Rxe7 Bf5 23. Qe3 Qb5 24. Kd2 h5 25. Qe2 Qc5 26. Qe3 Qb5 27.
Qe2 Qc5 28. Re8+ Rxe8 29. Qxe8+ Kg7 30. Qe3 Kf8 31. Qxc5 dxc5 32. d6 Ke8 33.
Ba4+ Bd7 34. b3 Kd8 35. h4 Be6 36. f4 f6 37. g3 Bf7 38. c3 bxc3+ 39. Kxc3 Bd5
40. b4 cxb4+ 41. Kxb4 Be4 42. Kc5 Bf5 43. Bc6 Be6 44. Be4 Bf7 45. Bd5 Be8 46.
Be6 Ba4 47. Kd4 Bc2 48. f5 Ke8 49. fxg6 Bxg6 50. Ke3 Kd8 51. Kf4 Ke8 52. g4
hxg4 53. Kxg4 Kf8 54. h5 Bh7 55. h6 Ke8 56. Kf4 Kd8 57. Bf5 Bg8 58. Ke3 Ke8 59.
Ke4 1-0

[Event "Sportsko leto 2017"]
[Site "Paracin"]
[Date "2017.07.13"]
[Round "8.11"]
[White "Costachi, Mihnea"]
[Black "Nestorovic, Nikola"]
[Result "1/2-1/2"]
[WhiteElo "2427"]
[BlackElo "2509"]
[PlyCount "70"]
[EventDate "2017.??.??"]

1. d4 Nf6 2. c4 e6 3. Nc3 Bb4 4. f3 c5 5. d5 O-O 6. e4 d6 7. Nge2 b5 8. Ng3 Bb7
9. a3 Ba5 10. dxe6 fxe6 11. e5 b4 12. axb4 cxb4 13. Nb5 dxe5 14. Qxd8 Bxd8 15.
Rxa7 Rxa7 16. Nxa7 e4 17. Be2 exf3 18. Bxf3 Bxf3 19. gxf3 Nfd7 20. f4 Bb6 21.
Nb5 Rc8 22. b3 Nc5 23. Be3 Nbd7 24. Ke2 Nxb3 25. Bxb6 Nxb6 26. Rb1 Na5 27. Nd6
Rc6 28. Rxb4 Naxc4 29. Nxc4 Nxc4 30. Rb7 Nd6 31. Re7 Rc2+ 32. Kf3 Rxh2 33. Rxe6
Rd2 34. Ne4 Rd3+ 35. Kg4 Nxe4 1/2-1/2

[Event "Sportsko leto 2017"]
[Site "Paracin"]
[Date "2017.07.13"]
[Round "8.12"]
[White "Kobo, Ori"]
[Black "Tan, Justin"]
[Result "1-0"]
[WhiteElo "2494"]
[BlackElo "2462"]
[PlyCount "73"]
[EventDate "2017.??.??"]

1. e4 e5 2. Nf3 Nc6 3. Bb5 a6 4. Ba4 Nf6 5. O-O Be7 6. Re1 b5 7. Bb3 d6 8. c3
O-O 9. d4 Bg4 10. Be3 Bh5 11. Nbd2 d5 12. Qc1 exd4 13. cxd4 Qd7 14. e5 Ne4 15.
a3 Kh8 16. Qc2 Nxd2 17. Nxd2 Bg6 18. Qc3 a5 19. a4 b4 20. Qc1 Nd8 21. f4 Ne6
22. Bc2 Bxc2 23. Qxc2 f5 24. Nb3 g5 25. Rf1 gxf4 26. Bxf4 c5 27. dxc5 Rac8 28.
Bh6 Rg8 29. Qxf5 Rg6 30. Qh3 Rcg8 31. Kh1 Nxc5 32. Qxd7 Nxd7 33. Be3 Nb8 34.
Nxa5 Rxg2 35. e6 R8g6 36. Bd4+ Kg8 37. Rac1 1-0

[Event "Sportsko leto 2017"]
[Site "Paracin"]
[Date "2017.07.13"]
[Round "8.13"]
[White "Ostojic, Nikola"]
[Black "Kovacevic, Aleksandar"]
[Result "1/2-1/2"]
[WhiteElo "2412"]
[BlackElo "2507"]
[PlyCount "65"]
[EventDate "2017.??.??"]

1. g3 e5 2. Bg2 d5 3. d3 Nf6 4. Nf3 Bd6 5. O-O O-O 6. Nc3 c6 7. e4 dxe4 8. Nxe4
Nxe4 9. dxe4 Na6 10. Be3 Qe7 11. Nd2 Be6 12. c3 Bc5 13. Qe2 Rfd8 14. Nb3 Bxe3
15. Qxe3 Qd6 16. Rfe1 Bxb3 17. axb3 Qd2 18. b4 Qxe3 19. Rxe3 Rd2 20. Bf1 Nc7
21. Rd3 Rxd3 22. Bxd3 Rd8 23. Rd1 Kf8 24. Kf1 Ke7 25. Ke2 Ne6 26. Ra1 a6 27.
Ke3 Rd6 28. Be2 Rd8 29. h4 Nc7 30. Ra5 Kd6 31. Ra1 Ke7 32. Ra5 Kd6 33. Ra1
1/2-1/2

[Event "Sportsko leto 2017"]
[Site "Paracin"]
[Date "2017.07.13"]
[Round "8.14"]
[White "Zajic, Milan"]
[Black "Franklin, Samuel G A"]
[Result "1/2-1/2"]
[WhiteElo "2513"]
[BlackElo "2312"]
[PlyCount "84"]
[EventDate "2017.??.??"]

1. e4 e5 2. Nf3 Nc6 3. Bb5 a6 4. Ba4 Nf6 5. d3 d6 6. c4 g6 7. Nc3 Bg7 8. d4
exd4 9. Nxd4 Bd7 10. Bxc6 bxc6 11. O-O O-O 12. f3 Qb8 13. b3 Re8 14. Kh1 a5 15.
Rb1 Qb4 16. Bd2 Qc5 17. Be3 Qb4 18. Qd2 c5 19. Nc2 Qb7 20. Bg5 Bc6 21. a3 Qa6
22. Ne3 Ra7 23. Ned5 Bxd5 24. exd5 Raa8 25. Nb5 Qc8 26. a4 Qd7 27. Rbe1 h5 28.
Bxf6 Bxf6 29. Rxe8+ Rxe8 30. g3 Kg7 31. Kg2 Qf5 32. Nxc7 Re7 33. Nb5 Qe5 34. h4
Kh7 35. Rf2 Bg7 36. Qg5 f5 37. Qf4 Qa1 38. Qd2 Re1 39. Kh3 Rd1 40. Qe2 Re1 41.
Qd2 Rd1 42. Qe2 Bf8 1/2-1/2

[Event "Sportsko leto 2017"]
[Site "Paracin"]
[Date "2017.07.13"]
[Round "8.15"]
[White "Haria, Ravi"]
[Black "Maksimovic, Bojan"]
[Result "0-1"]
[WhiteElo "2417"]
[BlackElo "2312"]
[PlyCount "70"]
[EventDate "2017.??.??"]

1. d4 Nf6 2. Nf3 g6 3. Bf4 Bg7 4. c3 O-O 5. Nbd2 d5 6. e3 b6 7. Be2 c5 8. h3
Bb7 9. O-O Nc6 10. Ne5 Rc8 11. Qa4 Nxe5 12. dxe5 Nd7 13. Nf3 Bc6 14. Bb5 Bxb5
15. Qxb5 c4 16. b4 e6 17. e4 a6 18. Qxa6 dxe4 19. Nd2 Nxe5 20. Nxe4 Nd3 21. Bd6
Re8 22. Bh2 e5 23. Nd2 Nxb4 24. cxb4 Qxd2 25. a3 c3 26. Rad1 Qb2 27. Rb1 Qa2
28. Ra1 Qe6 29. a4 c2 30. a5 bxa5 31. b5 e4 32. Bf4 Bxa1 33. Rxa1 Qxa6 34. bxa6
e3 35. Rc1 e2 0-1

[Event "International Tournament "]
[Site "Paracin, Hotel "]
[Date "2017.07.13"]
[Round "8.16"]
[White "Mesaros, Florian"]
[Black "Rajkovic, Mladen"]
[Result "1-0"]
[WhiteElo "2415"]
[BlackElo "2305"]
[PlyCount "67"]
[EventDate "2017.07.07"]

1. Nf3 Nf6 2. c4 g6 3. Nc3 d5 4. d4 Bg7 5. cxd5 Nxd5 6. e4 Nxc3 7. bxc3 c5 8.
Be3 Qa5 9. Qd2 O-O 10. Rc1 Rd8 11. d5 e6 12. Bg5 Rd6 13. Be2 exd5 14. exd5 b5
15. Bf4 Rd8 16. O-O Bb7 17. d6 Nd7 18. Rfd1 Qa4 19. c4 b4 20. Ng5 a5 21. h4 Nf6
22. Be5 h6 23. Qb2 hxg5 24. Bxf6 Bxf6 25. Qxf6 gxh4 26. Bg4 Qc6 27. Rd5 Re8 28.
Rcd1 a4 29. f3 b3 30. Rh5 gxh5 31. Qg5+ Kf8 32. Qh6+ Kg8 33. Bf5 f6 34. Qh7+
1-0

[Event "International Tournament "]
[Site "Paracin, Hotel "]
[Date "2017.07.13"]
[Round "8.17"]
[White "Can, Isik"]
[Black "Vucinic, Gojko"]
[Result "1/2-1/2"]
[WhiteElo "2287"]
[BlackElo "2415"]
[PlyCount "87"]
[EventDate "2017.07.07"]

1. e4 c5 2. Nf3 d6 3. d4 cxd4 4. Nxd4 Nf6 5. Nc3 a6 6. Bg5 Nbd7 7. f4 Qc7 8.
Qf3 g6 9. O-O-O Bg7 10. g4 h6 11. Bxf6 Nxf6 12. f5 Bd7 13. h4 Qa5 14. Nb3 Qe5
15. Bg2 b5 16. Nd4 Rc8 17. Nce2 Rc4 18. Kb1 O-O 19. g5 hxg5 20. hxg5 Nh5 21.
Bh3 Bc6 22. fxg6 fxg6 23. Be6+ Qxe6 24. Qxf8+ Bxf8 25. Nxe6 Bxe4 26. Rhf1 Bxc2+
27. Ka1 Bg7 28. Rc1 Bd3 29. Rxc4 bxc4 30. Nxg7 Nxg7 31. Re1 e5 32. Nc1 Ne6 33.
b3 Nxg5 34. Rd1 e4 35. bxc4 Bxc4 36. Rxd6 Kg7 37. Rd4 Bf1 38. Rd1 Bb5 39. Kb2
Nf3 40. Rd6 Kf7 41. a4 Bxa4 42. Rxa6 Bb5 43. Rb6 Bf1 44. Kc3 1/2-1/2

[Event "International Tournament "]
[Site "Paracin, Hotel "]
[Date "2017.07.13"]
[Round "8.18"]
[White "Radovanovic, Nikola"]
[Black "Gajcin, Marina"]
[Result "1-0"]
[WhiteElo "2399"]
[BlackElo "2282"]
[PlyCount "105"]
[EventDate "2017.07.07"]

1. Nf3 g6 2. c4 Bg7 3. Nc3 Nf6 4. e4 c5 5. g3 Nc6 6. Bg2 O-O 7. O-O Ne8 8. d3
d6 9. Be3 Nd4 10. Qd2 Nc7 11. Bh6 Rb8 12. Nxd4 cxd4 13. Ne2 e5 14. Bxg7 Kxg7
15. Rac1 Qe7 16. f4 f6 17. h3 b5 18. cxb5 Rxb5 19. Rf2 Na6 20. Rcf1 Be6 21. g4
Bxa2 22. fxe5 dxe5 23. g5 Rb6 24. Ng3 Rf7 25. gxf6+ Rfxf6 26. Qg5 Kf7 27. Qh6
Rxf2 28. Rxf2+ Kg8 29. Nf1 Bf7 30. Qd2 Nc5 31. Nh2 h5 32. Nf3 Kg7 33. h4 Nd7
34. Qa5 Qb4 35. Qxa7 Rb7 36. Qa8 Rc7 37. Qd8 Qb6 38. Kh2 Rb7 39. Qg5 Qd6 40.
Bh3 Be6 41. Qg3 Bxh3 42. Kxh3 Rb5 43. Rg2 Qe6+ 44. Kh2 Qd6 45. Rc2 Qb8 46. Qg5
Rxb2 47. Qe7+ Kh8 48. Rxb2 Qxb2+ 49. Kg3 Qb5 50. Qf7 Qxd3 51. Qe8+ Kg7 52.
Qxd7+ Kh6 53. Qe7 1-0

[Event "International Tournament "]
[Site "Paracin, Hotel "]
[Date "2017.07.13"]
[Round "8.19"]
[White "Emiroglu, Cankut"]
[Black "Brankovic, Dejan"]
[Result "1/2-1/2"]
[WhiteElo "2277"]
[BlackElo "2377"]
[PlyCount "36"]
[EventDate "2017.07.07"]

1. e4 c5 2. Nf3 g6 3. c4 Bg7 4. d4 cxd4 5. Nxd4 Nc6 6. Be3 Qb6 7. Nb5 Qa5+ 8.
N1c3 Nf6 9. Bd2 Qd8 10. Be2 a6 11. Na3 d6 12. Nc2 O-O 13. O-O Be6 14. Rc1 Rb8
15. Be3 Ne5 16. b3 b5 17. cxb5 axb5 18. Bxb5 Nxe4 1/2-1/2

[Event "International Tournament "]
[Site "Paracin, Hotel "]
[Date "2017.07.13"]
[Round "8.20"]
[White "Djordjevic, Vuk"]
[Black "Strugnell, Carl"]
[Result "0-1"]
[WhiteElo "2377"]
[BlackElo "2271"]
[Annotator "Balkanchess"]
[PlyCount "62"]
[EventDate "2017.07.07"]

1. e4 e5 2. Nf3 Nc6 3. Bb5 a6 4. Ba4 Nf6 5. O-O Be7 6. Re1 b5 7. Bb3 d6 8. c3
O-O 9. h3 Bb7 10. d4 Nd7 11. Nbd2 exd4 12. cxd4 Bf6 13. Nf1 Na5 14. Bc2 Re8 15.
Ng3 g6 16. Bf4 Nf8 17. Rb1 c5 18. d5 Nc4 19. Bc1 Nd7 20. b3 Ncb6 21. Be3 a5 22.
Bd3 Ba6 23. a4 b4 24. Bxa6 Rxa6 25. Qc2 Ra8 26. Ne2 Rc8 27. Nd2 Qe7 28. Rbd1
Bg7 29. Bf4 c4 30. bxc4 Ne5 31. Ng3 Nbxc4 {unreadable} 0-1

[Event "International Tournament "]
[Site "Paracin, Hotel "]
[Date "2017.07.13"]
[Round "8.21"]
[White "Radovic, Luka"]
[Black "Ivic, Velimir"]
[Result "1/2-1/2"]
[WhiteElo "2264"]
[BlackElo "2375"]
[PlyCount "109"]
[EventDate "2017.07.07"]

1. Nf3 g6 2. g3 Bg7 3. Bg2 e5 4. O-O Ne7 5. c4 c6 6. e4 c5 7. b4 b6 8. b5 a6 9.
Nc3 axb5 10. cxb5 O-O 11. d3 d5 12. Qb3 d4 13. Nd5 Nxd5 14. exd5 Bb7 15. Nd2 h6
16. Re1 Re8 17. a4 Nd7 18. Nc4 Nf6 19. Rxe5 Rxe5 20. Nxe5 Bxd5 21. Bxd5 Qxd5
22. Qxd5 Nxd5 23. Nc4 Kf8 24. a5 bxa5 25. b6 Rb8 26. Bf4 Nxf4 27. gxf4 Bf6 28.
Rxa5 Bd8 29. Ra6 Ke8 30. Kg2 Kd7 31. Ne5+ Kd6 32. Nxf7+ Kc6 33. b7+ Kxb7 34.
Rxg6 Bc7 35. Nd6+ Kc6 36. Ne8+ Kd7 37. Nxc7 Kxc7 38. Kf3 Rb3 39. Ke4 Rb2 40.
Rxh6 Rxf2 41. h4 Kd7 42. h5 Re2+ 43. Kd5 Re3 44. Kc4 Ke7 45. f5 Kf7 46. Re6 Rf3
47. Re5 Rh3 48. Rxc5 Rxh5 49. Kxd4 Rh3 50. Rc6 Rf3 51. Ke4 Rf1 52. Ke5 Re1+ 53.
Kd5 Rf1 54. Ke4 Re1+ 55. Kd5 1/2-1/2

[Event "International Tournament "]
[Site "Paracin, Hotel "]
[Date "2017.07.13"]
[Round "8.22"]
[White "Atakisi, Umut"]
[Black "Cvetanovic, Uros"]
[Result "1-0"]
[WhiteElo "2373"]
[BlackElo "2266"]
[PlyCount "109"]
[EventDate "2017.07.07"]

1. Nf3 Nf6 2. g3 e6 3. Bg2 d5 4. d4 Be7 5. O-O O-O 6. c4 c6 7. Qc2 Nbd7 8. Nbd2
b6 9. e4 Bb7 10. e5 Ne8 11. cxd5 exd5 12. Re1 c5 13. Nf1 Rc8 14. Qd1 Nc7 15.
Ne3 cxd4 16. Nf5 Ne6 17. N3xd4 g6 18. Nh6+ Kh8 19. Nxf7+ Rxf7 20. Nxe6 Qe8 21.
Bxd5 Bxd5 22. Qxd5 Rc2 23. Be3 Bb4 24. Ng5 Rf5 25. Rec1 Rxc1+ 26. Rxc1 Bc5 27.
Bxc5 bxc5 28. Nf7+ Rxf7 29. e6 Re7 30. exd7 Rxd7 31. Qxc5 Kg7 32. Qc3+ Kh6 33.
Re1 Qf7 34. Qe3+ Kg7 35. Qe5+ Kh6 36. Qe6 Qxe6 37. Rxe6 Rd2 38. Ra6 Rxb2 39.
Rxa7 Kg5 40. h4+ Kg4 41. Kg2 h6 42. Ra6 Kf5 43. Ra5+ Kg4 44. Ra4+ Kf5 45. g4+
Ke5 46. Kg3 g5 47. Ra5+ Kf6 48. Ra6+ Kg7 49. Ra7+ Kf6 50. h5 Rb6 51. Rh7 Ke5
52. Rg7 Ra6 53. Rg6 Ra3+ 54. f3 Rxa2 55. Rxh6 1-0

[Event "International Tournament "]
[Site "Paracin, Hotel "]
[Date "2017.07.13"]
[Round "8.23"]
[White "Dimitrov, Vladimir"]
[Black "Jocev, Milan"]
[Result "1/2-1/2"]
[WhiteElo "2359"]
[BlackElo "2185"]
[PlyCount "38"]
[EventDate "2017.07.07"]

1. d4 Nf6 2. c4 g6 3. Nc3 Bg7 4. e4 d6 5. h3 O-O 6. Be3 Na6 7. g4 c5 8. d5 e6
9. Bd3 exd5 10. exd5 Nd7 11. Be2 Ne5 12. f4 Nd7 13. Qd2 Re8 14. Nf3 Nf6 15. Kf1
Qe7 16. Bf2 Ne4 17. Nxe4 Qxe4 18. Rg1 Nb4 19. Ne1 Bh6 1/2-1/2

[Event "International Tournament "]
[Site "Paracin, Hotel "]
[Date "2017.07.13"]
[Round "8.24"]
[White "Dimic, Pavle"]
[Black "Popovic, Aleksandar M"]
[Result "1-0"]
[WhiteElo "2351"]
[BlackElo "2255"]
[PlyCount "65"]
[EventDate "2017.07.07"]

1. d4 Nf6 2. Nf3 c5 3. d5 e6 4. c4 exd5 5. cxd5 g6 6. Nc3 Bg7 7. Bf4 d6 8. Qa4+
Bd7 9. Qb3 Qc7 10. e4 O-O 11. Nd2 Nh5 12. Be3 f5 13. exf5 gxf5 14. Be2 f4 15.
Bxh5 fxe3 16. fxe3 Na6 17. Bf3 b5 18. Nxb5 Qa5 19. Nxd6 Rab8 20. Nb7 Rxb7 21.
Qxb7 Bb5 22. Be2 Rb8 23. Qe7 Re8 24. Qg5 Nb4 25. Rc1 Re5 26. Qg3 Bxe2 27. Kxe2
Qb5+ 28. Nc4 Nxa2 29. Qg4 Nxc1+ 30. Rxc1 h5 31. Qc8+ Kh7 32. Qc6 Qb4 33. Nxe5
1-0

[Event "International Tournament "]
[Site "Paracin, Hotel "]
[Date "2017.07.13"]
[Round "8.25"]
[White "Jovanovic, Bojan P"]
[Black "Ardeleanu, Alin"]
[Result "0-1"]
[WhiteElo "2233"]
[BlackElo "2339"]
[PlyCount "88"]
[EventDate "2017.07.07"]

1. d4 Nf6 2. c4 g6 3. Nc3 Bg7 4. e4 d6 5. f3 O-O 6. Be3 a6 7. Nge2 Nbd7 8. Qd2
Re8 9. Nc1 b6 10. Be2 c5 11. d5 Qc7 12. O-O Bb7 13. g4 e5 14. dxe6 fxe6 15. Rd1
Bf8 16. Nd3 Ne5 17. Nf2 Nc6 18. g5 Nh5 19. f4 Rad8 20. f5 Nd4 21. Bxh5 gxh5 22.
Bxd4 cxd4 23. Qxd4 d5 24. cxd5 Bc5 25. Qf6 Qf4 26. Rf1 Bd6 27. Rfd1 Qxh2+ 28.
Kf1 Be5 29. Qh6 Bg7 30. Qxe6+ Rxe6 31. dxe6 Bd4 32. Rd2 a5 33. Nb5 Ba6 34. a4
Rd6 35. Rad1 Be3 36. e7 Kf7 37. Nd3 Qh3+ 38. Ke2 Bxb5 39. axb5 Bxd2 40. Rxd2
Qg4+ 41. Ke1 Qg1+ 42. Ke2 Kxe7 43. f6+ Ke6 44. Rc2 Qg4+ 0-1

[Event "International Tournament "]
[Site "Paracin, Hotel "]
[Date "2017.07.13"]
[Round "8.26"]
[White "Becker, Marcel"]
[Black "Ersahin, Bulent"]
[Result "1-0"]
[WhiteElo "2339"]
[BlackElo "2145"]
[PlyCount "101"]
[EventDate "2017.07.07"]

1. d4 Nf6 2. c4 c5 3. d5 e6 4. Nc3 exd5 5. cxd5 d6 6. Nf3 g6 7. Bg5 Bg7 8. Nd2
h6 9. Bh4 O-O 10. e3 Nbd7 11. Be2 a6 12. a4 Re8 13. O-O Rb8 14. a5 g5 15. Bg3
Ne5 16. Qc2 Bg4 17. Bxg4 Nfxg4 18. h3 Nf6 19. Bxe5 Rxe5 20. Nc4 Re8 21. Qf5 Qe7
22. Ra3 Nd7 23. Na4 Ne5 24. Nab6 Ng6 25. g3 Rbd8 26. Rb3 Bf6 27. Nd2 Kg7 28.
Nbc4 Qd7 29. Qxd7 Rxd7 30. Rb6 Red8 31. Ra1 Ne7 32. Ne4 Nxd5 33. Rxd6 Rxd6 34.
Nexd6 Be7 35. e4 Bxd6 36. exd5 Kf6 37. Ra3 Bc7 38. Rb3 Rxd5 39. Rxb7 Bd8 40.
Ra7 Rd4 41. Rxa6+ Kg7 42. b3 Rd1+ 43. Kg2 Rb1 44. Ra8 Bf6 45. a6 Ra1 46. Nd6
Bd4 47. Nf5+ Kg6 48. Nxd4 cxd4 49. Kf3 d3 50. Ke3 Ra3 51. b4 1-0

[Event "International Tournament "]
[Site "Paracin, Hotel "]
[Date "2017.07.13"]
[Round "8.27"]
[White "Cerovic, Danilo"]
[Black "Paradzik, Berislav"]
[Result "1-0"]
[WhiteElo "2335"]
[BlackElo "2066"]
[PlyCount "111"]
[EventDate "2017.07.07"]

1. e4 c5 2. Nf3 d6 3. d4 cxd4 4. Nxd4 Nf6 5. Nc3 a6 6. g3 g6 7. Bg2 Bg7 8. O-O
O-O 9. h3 Bd7 10. Nde2 Nc6 11. a4 Rb8 12. Nd5 b5 13. axb5 axb5 14. Be3 Qc8 15.
Kh2 Re8 16. Bg5 Nxe4 17. Bxe4 Bxh3 18. Bg2 Bxg2 19. Kxg2 Bxb2 20. Rb1 Bg7 21.
Qd2 Qf5 22. Bf4 Ne5 23. Bxe5 Qxe5 24. Qd3 Qf5 25. Qxf5 gxf5 26. c3 Rb7 27. Rb3
e6 28. Ne3 d5 29. Rfb1 Rc8 30. Nc2 Rbc7 31. Na3 b4 32. cxb4 e5 33. b5 Bf8 34.
b6 Rb7 35. Nc3 Rc5 36. Ne2 f6 37. R1b2 d4 38. Nc2 Rd5 39. Nb4 Rb5 40. Nc6 Rxb3
41. Rxb3 Bc5 42. Rb5 Bxb6 43. Nc1 f4 44. gxf4 e4 45. Kf1 d3 46. Nb3 Rd7 47.
Rxb6 d2 48. Nxd2 Rxd2 49. Rb4 Rd6 50. Ne7+ Kf7 51. Rxe4 Re6 52. Rxe6 Kxe6 53.
Nc6 Kf5 54. Kg2 Kxf4 55. Nd4 h5 56. Ne2+ 1-0